Preocupación empresarial por el libre comercio
Guardado en:
| Formato: | Texto |
|---|---|
| Materias: | |
| Etiquetas: |
Agregar Etiqueta
Sin Etiquetas, Sea el primero en etiquetar este registro!
|
MARC
| LEADER | 00000 a a2200000 04500 | ||
|---|---|---|---|
| 001 | 5870 | ||
| 003 | |||
| 040 | |||
| 245 | |a Preocupación empresarial por el libre comercio | ||
| 650 | |a LIBRE COMERCIO | ||
| 650 | |a LIBERALIZACION DEL INTERCAMBIO | ||
| 650 | |a POLITICA ECONOMICA | ||
| 650 | |a SECTOR PRIVADO | ||
| 650 | |a EMPRESAS | ||
| 650 | |a ACUERDOS INTERNACIONALES | ||
| 773 | |g volumen 15, número 630; páginas 10-12 | ||
| 999 | |c 28669 |d 28669 | ||
